[Event "DVM U14 2020"]
[Site "Willingen GER"]
[Date "2021.06.26"]
[Round "6"]
[White "Hänselmann, Hendrik"]
[Black "Bock, Marlon"]
[Result "0-1"]
[Termination "normal"]
[Board "3.1"]
[WhiteElo "1828"]
[BlackElo "1654"]
[WhiteClock "00:56:53"]
[BlackClock "00:14:51"]
[WhiteTeam "Karlsruher SF 1853"]
[BlackTeam "SSV Vimaria 91 Weimar"]
[PlyCount "62"]
[WhiteFideId "16232755"]
[BlackFideId "16244931"]
[EventCountry "GER"]
[EventRounds "7"]
[EventType "team-swiss"]
[EventDate "2021.06.23"]

1. e4 {[%clk 1:30:59]} e5 {[%clk 1:30:52]} 2. Nf3 {[%clk 1:31:26]} Nc6 {[%clk
1:31:06]} 3. Nc3 {[%clk 1:31:52]} Nf6 {[%clk 1:30:56]} 4. Bb5 {[%clk 1:32:00]}
Bb4 {[%clk 1:30:13]} 5. O-O {[%clk 1:32:14]} O-O {[%clk 1:28:32]} 6. d3 {[%clk
1:32:38]} d6 {[%clk 1:27:35]} 7. Ne2 {[%clk 1:32:11]} Ne7 {[%clk 1:24:12]} 8.
c3 {[%clk 1:31:38]} Ba5 {[%clk 1:23:03]} 9. Ng3 {[%clk 1:31:50]} c6 {[%clk
1:21:37]} 10. Ba4 {[%clk 1:32:00]} Ng6 {[%clk 1:20:34]} 11. h3 {[%clk 1:25:04]}
h6 {[%clk 1:18:31]} 12. Be3 {[%clk 1:24:19]} Re8 {[%clk 1:13:24]} 13. Qc2
{[%clk 1:22:00]} Qc7 {[%clk 1:11:26]} 14. Rad1 {[%clk 1:18:30]} b5 {[%clk
1:09:24]} 15. Bb3 {[%clk 1:18:45]} Bb6 {[%clk 1:07:03]} 16. d4 {[%clk 1:17:16]}
Bb7 {[%clk 1:00:40]} 17. a4 {[%clk 1:14:16]} a6 {[%clk 0:57:08]} 18. Nf5 {[%clk
1:12:51]} exd4 {[%clk 0:51:44]} 19. Bxd4 {[%clk 1:12:44]} Bxd4 {[%clk 0:41:10]}
20. cxd4 {[%clk 1:07:25]} Rxe4 {[%clk 0:38:01]} 21. Nd2 {[%clk 1:06:16]} Ree8
{[%clk 0:36:23]} 22. Nxh6+ {[%clk 1:06:29]} Kf8 {[%clk 0:26:43]} 23. Bxf7
{[%clk 1:06:08]} Re7 {[%clk 0:23:43]} 24. Qxg6 {[%clk 1:06:08]} gxh6 {[%clk
0:20:27]} 25. Qxf6 {[%clk 1:04:25]} Rxf7 {[%clk 0:20:01]} 26. Qxh6+ {[%clk
1:02:50]} Rg7 {[%clk 0:19:01]} 27. Ne4 {[%clk 1:01:20]} c5 {[%clk 0:17:26]} 28.
Ng5 {[%clk 0:59:36]} Qe7 {[%clk 0:16:46]} 29. Ne6+ {[%clk 0:59:37]} Qxe6 {[%clk
0:16:56]} 30. Qh8+ {[%clk 0:56:27]} Rg8 {[%clk 0:14:51]} 31. d5 {[%clk
0:56:53]} Qg6 {[%clk 0:14:51]} 0-1

[Event "DVM U14 2020"]
[Site "Willingen GER"]
[Date "2021.06.26"]
[Round "6"]
[White "Hoffmann, Alexander"]
[Black "Krömer, Emanuel"]
[Result "1-0"]
[Termination "normal"]
[Board "3.3"]
[WhiteElo "1554"]
[BlackElo "1388"]
[WhiteClock "00:03:58"]
[BlackClock "00:00:32"]
[WhiteTeam "Karlsruher SF 1853"]
[BlackTeam "SSV Vimaria 91 Weimar"]
[PlyCount "71"]
[WhiteFideId "16240219"]
[BlackFideId "16287070"]
[EventCountry "GER"]
[EventRounds "7"]
[EventType "team-swiss"]
[EventDate "2021.06.23"]

1. e4 {[%clk 1:30:57]} d5 {[%clk 1:30:55]} 2. exd5 {[%clk 1:31:22]} Qxd5 {[%clk
1:31:17]} 3. Nc3 {[%clk 1:31:45]} Qa5 {[%clk 1:31:42]} 4. d4 {[%clk 1:32:09]}
Nf6 {[%clk 1:32:05]} 5. Bc4 {[%clk 1:32:22]} Nc6 {[%clk 1:31:39]} 6. Nf3 {[%clk
1:32:05]} Bg4 {[%clk 1:27:29]} 7. Bd2 {[%clk 1:27:04]} O-O-O {[%clk 1:23:21]}
8. h3 {[%clk 1:03:16]} Bxf3 {[%clk 1:05:02]} 9. Qxf3 {[%clk 1:03:11]} Nxd4
{[%clk 1:04:45]} 10. Qd1 {[%clk 0:50:09]} Qe5+ {[%clk 0:57:44]} 11. Ne2 {[%clk
0:43:00]} Qe4 {[%clk 0:49:50]} 12. O-O {[%clk 0:36:42]} e6 {[%clk 0:35:53]} 13.
Nxd4 {[%clk 0:33:08]} Rxd4 {[%clk 0:35:29]} 14. Bd3 {[%clk 0:31:50]} Qc6 {[%clk
0:33:56]} 15. Be3 {[%clk 0:30:17]} Rd7 {[%clk 0:32:39]} 16. Qe2 {[%clk
0:20:01]} Rd5 {[%clk 0:25:20]} 17. c4 {[%clk 0:17:51]} Re5 {[%clk 0:24:25]} 18.
Qd2 {[%clk 0:15:17]} Bc5 {[%clk 0:19:23]} 19. Bf4 {[%clk 0:14:18]} Rh5 {[%clk
0:17:49]} 20. Be2 {[%clk 0:13:52]} Rd8 {[%clk 0:17:34]} 21. Qc1 {[%clk
0:13:22]} Rh4 {[%clk 0:16:37]} 22. Bf3 {[%clk 0:11:32]} Qb6 {[%clk 0:14:41]}
23. b4 {[%clk 0:07:50]} Qxb4 {[%clk 0:11:06]} 24. Rb1 {[%clk 0:07:03]} Qa5
{[%clk 0:09:01]} 25. Bxb7+ {[%clk 0:05:56]} Kd7 {[%clk 0:08:54]} 26. Rb5 {[%clk
0:04:22]} Qa3 {[%clk 0:07:57]} 27. Rd1+ {[%clk 0:04:16]} Ke7 {[%clk 0:07:12]}
28. Bxc7 {[%clk 0:04:00]} Bxf2+ {[%clk 0:02:28]} 29. Kxf2 {[%clk 0:03:32]}
Qxa2+ {[%clk 0:01:43]} 30. Rb2 {[%clk 0:03:23]} Qxb2+ {[%clk 0:00:36]} 31. Qxb2
{[%clk 0:03:41]} Rxd1 {[%clk 0:00:53]} 32. Qb4+ {[%clk 0:03:37]} Ke8 {[%clk
0:01:08]} 33. Qa4+ {[%clk 0:03:58]} Rd7 {[%clk 0:01:16]} 34. Bc6 {[%clk
0:03:44]} Ne4+ {[%clk 0:01:30]} 35. Kg1 {[%clk 0:03:49]} Nc5 {[%clk 0:00:32]}
36. Qb5 {[%clk 0:03:58]} 1-0

[Event "DVM U14 2020"]
[Site "Willingen GER"]
[Date "2021.06.26"]
[Round "6"]
[White "Wetzig, Cay Luis"]
[Black "Liu, Leon"]
[Result "1-0"]
[Termination "normal"]
[Board "3.4"]
[WhiteElo "1043"]
[BlackElo "1230"]
[WhiteClock "00:24:02"]
[BlackClock "00:12:08"]
[WhiteTeam "SSV Vimaria 91 Weimar"]
[BlackTeam "Karlsruher SF 1853"]
[PlyCount "103"]
[WhiteFideId "34605940"]
[BlackFideId "16275047"]
[EventCountry "GER"]
[EventRounds "7"]
[EventType "team-swiss"]
[EventDate "2021.06.23"]

1. d4 {[%clk 1:30:58]} d5 {[%clk 1:30:51]} 2. Nf3 {[%clk 1:31:24]} Nf6 {[%clk
1:31:05]} 3. e3 {[%clk 1:31:46]} Bf5 {[%clk 1:30:44]} 4. Bd3 {[%clk 1:31:43]}
Bxd3 {[%clk 1:29:11]} 5. Qxd3 {[%clk 1:31:27]} c6 {[%clk 1:27:33]} 6. O-O
{[%clk 1:30:38]} e6 {[%clk 1:26:32]} 7. b3 {[%clk 1:30:21]} Be7 {[%clk
1:24:43]} 8. Bb2 {[%clk 1:29:53]} O-O {[%clk 1:22:57]} 9. Nbd2 {[%clk 1:28:36]}
Nbd7 {[%clk 1:18:58]} 10. Rac1 {[%clk 1:27:18]} c5 {[%clk 1:18:17]} 11. c4
{[%clk 1:25:17]} h6 {[%clk 1:12:50]} 12. Ne5 {[%clk 1:20:37]} cxd4 {[%clk
1:10:23]} 13. Bxd4 {[%clk 1:18:50]} dxc4 {[%clk 1:08:41]} 14. Ndxc4 {[%clk
1:16:26]} b5 {[%clk 1:08:07]} 15. Nd2 {[%clk 1:14:43]} Nxe5 {[%clk 1:08:18]}
16. Qxb5 {[%clk 1:13:00]} Bd6 {[%clk 1:05:09]} 17. Rfd1 {[%clk 1:09:08]} Ned7
{[%clk 1:03:19]} 18. Nf3 {[%clk 0:59:53]} Nd5 {[%clk 0:53:51]} 19. e4 {[%clk
0:53:18]} Nf4 {[%clk 0:49:39]} 20. Be3 {[%clk 0:43:18]} Rb8 {[%clk 0:37:39]}
21. Qa6 {[%clk 0:40:19]} Bc7 {[%clk 0:36:47]} 22. Kf1 {[%clk 0:37:53]} Re8
{[%clk 0:29:53]} 23. Qxa7 {[%clk 0:35:52]} Rc8 {[%clk 0:22:40]} 24. Bxf4 {[%clk
0:32:09]} Bxf4 {[%clk 0:21:25]} 25. Rxc8 {[%clk 0:32:11]} Qxc8 {[%clk 0:21:28]}
26. Qxd7 {[%clk 0:32:03]} Qxd7 {[%clk 0:18:28]} 27. Rxd7 {[%clk 0:32:22]} Ra8
{[%clk 0:18:40]} 28. a4 {[%clk 0:31:52]} Rb8 {[%clk 0:18:29]} 29. Rd3 {[%clk
0:29:53]} Bc7 {[%clk 0:17:36]} 30. g3 {[%clk 0:27:11]} f5 {[%clk 0:16:07]} 31.
exf5 {[%clk 0:25:39]} exf5 {[%clk 0:16:26]} 32. Nd4 {[%clk 0:25:08]} Rd8 {[%clk
0:15:44]} 33. Ke2 {[%clk 0:24:18]} Bb6 {[%clk 0:13:32]} 34. Nxf5 {[%clk
0:23:03]} Rxd3 {[%clk 0:13:21]} 35. Kxd3 {[%clk 0:23:20]} Bxf2 {[%clk 0:13:46]}
36. a5 {[%clk 0:23:03]} Kf7 {[%clk 0:13:52]} 37. Nd6+ {[%clk 0:23:04]} Ke6
{[%clk 0:13:17]} 38. Nb5 {[%clk 0:23:06]} Kf5 {[%clk 0:12:29]} 39. a6 {[%clk
0:23:16]} Kg4 {[%clk 0:12:35]} 40. a7 {[%clk 0:23:36]} Bxa7 41. Nxa7 {[%clk
0:24:00]} Kh3 {[%clk 0:13:19]} 42. b4 {[%clk 0:24:18]} Kxh2 {[%clk 0:13:39]}
43. b5 {[%clk 0:24:43]} Kxg3 {[%clk 0:14:02]} 44. b6 {[%clk 0:25:07]} g5 {[%clk
0:14:08]} 45. b7 {[%clk 0:25:53]} g4 {[%clk 0:14:09]} 46. b8=Q+ Kh3 {[%clk
0:14:27]} 47. Ke3 {[%clk 0:25:22]} h5 {[%clk 0:11:57]} 48. Kf2 {[%clk 0:25:01]}
Kh4 {[%clk 0:11:54]} 49. Qh2+ {[%clk 0:23:37]} Kg5 {[%clk 0:12:12]} 50. Kg3
{[%clk 0:23:49]} Kg6 {[%clk 0:11:53]} 51. Qh4 {[%clk 0:23:48]} Kh6 {[%clk
0:12:08]} 52. Kf4 {[%clk 0:24:02]} 1-0

[Event "DVM U14 2020"]
[Site "Willingen GER"]
[Date "2021.06.26"]
[Round "6"]
[White "Nitsche, Nikolai"]
[Black "Hommer, Jeremy"]
[Result "0-1"]
[Termination "normal"]
[Board "4.1"]
[WhiteElo "1831"]
[BlackElo "2180"]
[WhiteClock "00:07:04"]
[BlackClock "00:21:42"]
[WhiteTeam "SV Empor Berlin e.V."]
[BlackTeam "SC Turm Lüneburg e.V."]
[PlyCount "76"]
[WhiteFideId "16221036"]
[BlackFideId "12992577"]
[EventCountry "GER"]
[EventRounds "7"]
[EventType "team-swiss"]
[EventDate "2021.06.23"]

1. d4 {[%clk 1:30:30]} Nf6 {[%clk 1:30:34]} 2. Bf4 {[%clk 1:30:48]} e6 {[%clk
1:30:56]} 3. e3 {[%clk 1:31:00]} d5 {[%clk 1:31:11]} 4. c3 {[%clk 1:30:12]} c5
{[%clk 1:30:59]} 5. Nf3 {[%clk 1:29:13]} Bd6 {[%clk 1:30:29]} 6. Bg3 {[%clk
1:28:16]} O-O {[%clk 1:29:33]} 7. Nbd2 {[%clk 1:27:47]} Qc7 {[%clk 1:29:15]} 8.
Ne5 {[%clk 1:27:10]} Nc6 {[%clk 1:27:06]} 9. f4 {[%clk 1:24:38]} b6 {[%clk
1:16:56]} 10. Bd3 {[%clk 1:19:43]} a5 {[%clk 1:16:03]} 11. Bh4 {[%clk 1:15:39]}
Be7 {[%clk 1:13:14]} 12. Bxf6 {[%clk 1:07:46]} Bxf6 {[%clk 1:13:13]} 13. Qh5
{[%clk 1:01:41]} g6 {[%clk 1:12:40]} 14. Qe2 {[%clk 1:01:46]} Bxe5 {[%clk
1:09:13]} 15. fxe5 {[%clk 0:53:23]} f6 {[%clk 1:09:24]} 16. O-O {[%clk
0:50:58]} fxe5 {[%clk 1:02:36]} 17. Rxf8+ {[%clk 0:51:17]} Kxf8 {[%clk
1:03:03]} 18. Rf1+ {[%clk 0:51:39]} Kg8 {[%clk 1:03:15]} 19. Qf3 {[%clk
0:51:49]} Bb7 {[%clk 1:02:46]} 20. e4 {[%clk 0:42:42]} Rd8 {[%clk 1:01:30]} 21.
exd5 {[%clk 0:39:47]} exd5 {[%clk 0:59:35]} 22. Qf6 {[%clk 0:26:17]} Qe7 {[%clk
0:59:29]} 23. dxe5 {[%clk 0:26:18]} Rf8 {[%clk 0:59:30]} 24. Qxe7 {[%clk
0:25:48]} Nxe7 {[%clk 0:59:50]} 25. Nf3 {[%clk 0:25:50]} h6 {[%clk 0:56:48]}
26. Kf2 {[%clk 0:24:17]} Kg7 {[%clk 0:52:48]} 27. Ke2 {[%clk 0:23:06]} Bc8
{[%clk 0:51:37]} 28. h3 {[%clk 0:21:20]} Nf5 {[%clk 0:50:36]} 29. Kd2 {[%clk
0:20:22]} Ng3 {[%clk 0:48:48]} 30. Re1 {[%clk 0:20:45]} Be6 {[%clk 0:47:34]}
31. b4 {[%clk 0:17:26]} axb4 {[%clk 0:46:48]} 32. cxb4 {[%clk 0:17:46]} Ra8
{[%clk 0:45:27]} 33. bxc5 {[%clk 0:13:18]} Rxa2+ {[%clk 0:43:14]} 34. Ke3
{[%clk 0:12:02]} bxc5 {[%clk 0:43:05]} 35. Rb1 {[%clk 0:12:19]} d4+ {[%clk
0:26:02]} 36. Kf4 {[%clk 0:12:39]} Nh5+ {[%clk 0:26:13]} 37. Ke4 {[%clk
0:13:00]} Ra7 {[%clk 0:21:42]} 38. g4 {[%clk 0:07:04]} Rd7 0-1

[Event "DVM U14 2020"]
[Site "Willingen GER"]
[Date "2021.06.26"]
[Round "6"]
[White "Bildat, Emilia"]
[Black "Freude, Max"]
[Result "1/2-1/2"]
[Termination "normal"]
[Board "4.2"]
[WhiteElo "1852"]
[BlackElo "1806"]
[WhiteClock "00:21:52"]
[BlackClock "00:04:56"]
[WhiteTeam "SC Turm Lüneburg e.V."]
[BlackTeam "SV Empor Berlin e.V."]
[PlyCount "67"]
[WhiteFideId "16218140"]
[BlackFideId "16236157"]
[EventCountry "GER"]
[EventRounds "7"]
[EventType "team-swiss"]
[EventDate "2021.06.23"]

1. c4 {[%clk 1:30:58]} c5 {[%clk 1:30:54]} 2. g3 {[%clk 1:31:14]} g6 {[%clk
1:31:15]} 3. Bg2 {[%clk 1:31:34]} Bg7 {[%clk 1:31:38]} 4. Nc3 {[%clk 1:31:47]}
Nc6 {[%clk 1:31:59]} 5. Nf3 {[%clk 1:31:30]} e5 {[%clk 1:32:11]} 6. O-O {[%clk
1:31:15]} Nge7 {[%clk 1:32:33]} 7. d3 {[%clk 1:30:37]} O-O {[%clk 1:32:15]} 8.
Ne1 {[%clk 1:29:00]} d6 {[%clk 1:32:12]} 9. Nc2 {[%clk 1:28:14]} Be6 {[%clk
1:31:54]} 10. Ne3 {[%clk 1:27:41]} Qd7 {[%clk 1:31:00]} 11. Re1 {[%clk
1:25:54]} Bh3 {[%clk 1:21:03]} 12. Bh1 {[%clk 1:25:41]} f5 {[%clk 1:17:40]} 13.
Ned5 {[%clk 1:21:51]} f4 {[%clk 1:14:41]} 14. Bg2 {[%clk 1:14:39]} Bxg2 {[%clk
0:50:28]} 15. Kxg2 {[%clk 1:14:36]} Rf5 {[%clk 0:45:26]} 16. g4 {[%clk
1:05:54]} Rff8 {[%clk 0:33:51]} 17. f3 {[%clk 1:02:48]} h5 {[%clk 0:32:29]} 18.
h3 {[%clk 1:01:50]} hxg4 {[%clk 0:31:18]} 19. hxg4 {[%clk 1:01:03]} Kf7 {[%clk
0:27:22]} 20. Bd2 {[%clk 0:57:45]} Nxd5 {[%clk 0:21:04]} 21. Nxd5 {[%clk
0:54:41]} Rh8 {[%clk 0:19:19]} 22. Bc3 {[%clk 0:50:41]} Rh4 {[%clk 0:18:29]}
23. Rh1 {[%clk 0:44:19]} Rxh1 {[%clk 0:17:11]} 24. Qxh1 {[%clk 0:43:49]} Rh8
{[%clk 0:17:22]} 25. Qe1 {[%clk 0:43:58]} Qd8 {[%clk 0:15:57]} 26. Qf2 {[%clk
0:42:42]} Ne7 {[%clk 0:09:52]} 27. Nxe7 {[%clk 0:41:12]} Kxe7 {[%clk 0:08:28]}
28. Rh1 {[%clk 0:36:26]} Rxh1 {[%clk 0:07:06]} 29. Kxh1 {[%clk 0:36:48]} Qh8+
{[%clk 0:05:58]} 30. Qh2 {[%clk 0:32:30]} d5 {[%clk 0:05:26]} 31. Qxh8 {[%clk
0:27:04]} Bxh8 {[%clk 0:05:08]} 32. Kg1 {[%clk 0:25:15]} d4 {[%clk 0:05:06]}
33. Bd2 {[%clk 0:24:50]} Kd6 {[%clk 0:04:56]} 34. b3 {[%clk 0:21:52]} 1/2-1/2

[Event "DVM U14 2020"]
[Site "Willingen GER"]
[Date "2021.06.26"]
[Round "6"]
[White "Ellert, Stefan"]
[Black "Rennkamp, Johannes"]
[Result "1-0"]
[Termination "normal"]
[Board "4.3"]
[WhiteElo "1657"]
[BlackElo "1603"]
[WhiteClock "00:49:14"]
[BlackClock "00:43:03"]
[WhiteTeam "SV Empor Berlin e.V."]
[BlackTeam "SC Turm Lüneburg e.V."]
[PlyCount "55"]
[WhiteFideId "16235029"]
[BlackFideId "16268784"]
[EventCountry "GER"]
[EventRounds "7"]
[EventType "team-swiss"]
[EventDate "2021.06.23"]

1. d4 {[%clk 1:30:25]} Nf6 {[%clk 1:30:59]} 2. Bf4 {[%clk 1:30:42]} d5 {[%clk
1:31:21]} 3. Nf3 {[%clk 1:31:00]} e6 {[%clk 1:31:47]} 4. e3 {[%clk 1:31:12]}
Bd6 5. Bg3 {[%clk 1:31:09]} O-O {[%clk 1:32:26]} 6. Bd3 {[%clk 1:31:30]} c5
{[%clk 1:32:42]} 7. c3 {[%clk 1:31:51]} Qc7 {[%clk 1:31:01]} 8. Nbd2 {[%clk
1:29:38]} Nbd7 {[%clk 1:30:39]} 9. O-O {[%clk 1:28:47]} Bxg3 {[%clk 1:31:02]}
10. hxg3 {[%clk 1:29:08]} e5 {[%clk 1:31:15]} 11. dxe5 {[%clk 1:28:27]} Nxe5
{[%clk 1:31:34]} 12. Nxe5 {[%clk 1:28:25]} Qxe5 {[%clk 1:32:02]} 13. Nf3 {[%clk
1:28:46]} Qe7 {[%clk 1:32:00]} 14. Re1 {[%clk 1:26:31]} Bg4 {[%clk 1:31:01]}
15. Qa4 {[%clk 1:22:40]} Bxf3 {[%clk 1:30:20]} 16. gxf3 {[%clk 1:22:59]} Qd7
{[%clk 1:26:15]} 17. Qc2 {[%clk 1:21:37]} h6 {[%clk 1:18:51]} 18. Rad1 {[%clk
1:20:14]} Rad8 {[%clk 1:18:30]} 19. e4 {[%clk 1:10:32]} Rfe8 {[%clk 1:02:35]}
20. e5 {[%clk 1:09:15]} Nh5 {[%clk 1:02:35]} 21. Bf5 {[%clk 1:09:22]} Qc7
{[%clk 1:02:30]} 22. e6 {[%clk 1:08:16]} Kf8 {[%clk 0:49:06]} 23. exf7 {[%clk
0:54:30]} Rxe1+ {[%clk 0:48:45]} 24. Rxe1 {[%clk 0:54:50]} Nf6 {[%clk 0:48:57]}
25. Bg6 {[%clk 0:51:11]} Qc6 {[%clk 0:46:00]} 26. Qf5 {[%clk 0:50:05]} Qc8
{[%clk 0:44:51]} 27. Re8+ {[%clk 0:49:14]} Rxe8 {[%clk 0:43:03]} 28. fxe8=Q+
1-0

[Event "DVM U14 2020"]
[Site "Willingen GER"]
[Date "2021.06.26"]
[Round "6"]
[White "Rennkamp, David"]
[Black "Jiang, Luke"]
[Result "1/2-1/2"]
[Termination "normal"]
[Board "4.4"]
[WhiteElo "1371"]
[BlackElo "1358"]
[WhiteClock "00:07:39"]
[BlackClock "00:09:54"]
[WhiteTeam "SC Turm Lüneburg e.V."]
[BlackTeam "SV Empor Berlin e.V."]
[PlyCount "75"]
[WhiteFideId "16249526"]
[BlackFideId "16292065"]
[EventCountry "GER"]
[EventRounds "7"]
[EventType "team-swiss"]
[EventDate "2021.06.23"]

1. e4 {[%clk 1:30:58]} c5 {[%clk 1:30:42]} 2. Nc3 {[%clk 1:31:21]} d6 {[%clk
1:30:50]} 3. g3 {[%clk 1:31:03]} e6 {[%clk 1:30:39]} 4. d3 {[%clk 1:31:16]} Nc6
{[%clk 1:30:42]} 5. Bg2 {[%clk 1:31:34]} g6 {[%clk 1:30:29]} 6. f4 {[%clk
1:31:49]} Bg7 {[%clk 1:30:23]} 7. Nf3 {[%clk 1:32:06]} Nge7 {[%clk 1:30:32]} 8.
O-O {[%clk 1:32:23]} O-O {[%clk 1:30:47]} 9. Be3 {[%clk 1:31:26]} a6 {[%clk
1:30:45]} 10. Rb1 {[%clk 1:31:36]} b5 {[%clk 1:30:54]} 11. d4 {[%clk 1:26:43]}
cxd4 {[%clk 1:28:03]} 12. Nxd4 {[%clk 1:26:48]} Qc7 {[%clk 1:26:23]} 13. Qd2
{[%clk 1:13:27]} Bd7 {[%clk 1:19:39]} 14. Rfd1 {[%clk 1:10:25]} Rfd8 {[%clk
1:19:06]} 15. Nce2 {[%clk 1:01:29]} Rac8 {[%clk 1:13:19]} 16. c3 {[%clk
1:00:19]} Na5 {[%clk 1:01:09]} 17. Nb3 {[%clk 0:49:56]} Nc4 {[%clk 0:58:13]}
18. Qd3 {[%clk 0:44:14]} Bc6 {[%clk 0:47:15]} 19. Nd2 {[%clk 0:41:16]} Nxe3
{[%clk 0:45:55]} 20. Qxe3 {[%clk 0:41:26]} Rb8 {[%clk 0:41:14]} 21. Nd4 {[%clk
0:30:49]} Qb6 {[%clk 0:36:40]} 22. Nf1 {[%clk 0:29:38]} Ba8 {[%clk 0:35:14]}
23. Ne2 {[%clk 0:27:13]} Nc8 24. Qxb6 {[%clk 0:25:40]} Nxb6 {[%clk 0:32:38]}
25. Ne3 {[%clk 0:25:47]} Rbc8 {[%clk 0:31:30]} 26. Rd2 {[%clk 0:23:24]} Nc4
{[%clk 0:31:00]} 27. Nxc4 {[%clk 0:22:55]} Rxc4 {[%clk 0:29:01]} 28. e5 {[%clk
0:21:45]} Bxg2 {[%clk 0:28:48]} 29. Kxg2 {[%clk 0:22:05]} d5 {[%clk 0:28:55]}
30. Rd4 {[%clk 0:18:40]} Bf8 {[%clk 0:27:49]} 31. Rbd1 {[%clk 0:15:50]} Rdc8
{[%clk 0:25:45]} 32. Rxc4 {[%clk 0:14:31]} bxc4 {[%clk 0:25:08]} 33. Kf3 {[%clk
0:12:46]} Rb8 {[%clk 0:24:52]} 34. Rd2 {[%clk 0:12:46]} a5 {[%clk 0:24:14]} 35.
Nc1 {[%clk 0:12:31]} a4 {[%clk 0:23:03]} 36. a3 {[%clk 0:12:16]} Be7 {[%clk
0:14:43]} 37. Na2 {[%clk 0:08:42]} Rb3 {[%clk 0:09:54]} 38. Nc1 {[%clk
0:07:39]} 1/2-1/2

[Event "DVM U14 2020"]
[Site "Willingen GER"]
[Date "2021.06.26"]
[Round "6"]
[White "Klaska, Philipp Leon"]
[Black "Schulemann, Gero"]
[Result "1/2-1/2"]
[Termination "normal"]
[Board "5.1"]
[WhiteElo "1755"]
[BlackElo "1835"]
[WhiteClock "00:26:54"]
[BlackClock "00:23:29"]
[WhiteTeam "Düsseldorfer Schachverein 1854"]
[BlackTeam "USV Halle"]
[PlyCount "82"]
[WhiteFideId "16238044"]
[BlackFideId "16227646"]
[EventCountry "GER"]
[EventRounds "7"]
[EventType "team-swiss"]
[EventDate "2021.06.23"]

1. d4 {[%clk 1:30:39]} Nf6 {[%clk 1:30:51]} 2. Nf3 {[%clk 1:30:46]} e6 {[%clk
1:31:03]} 3. Bf4 {[%clk 1:30:56]} c5 {[%clk 1:31:17]} 4. c3 {[%clk 1:30:34]}
Nc6 {[%clk 1:30:49]} 5. e3 {[%clk 1:30:36]} d5 {[%clk 1:30:23]} 6. Nbd2 {[%clk
1:30:10]} Bd6 {[%clk 1:28:58]} 7. Bg3 {[%clk 1:25:57]} Qe7 {[%clk 1:26:48]} 8.
Ne5 {[%clk 1:23:45]} Nd7 {[%clk 1:26:58]} 9. Nxd7 {[%clk 1:20:35]} Bxd7 {[%clk
1:22:25]} 10. Bxd6 {[%clk 1:20:07]} Qxd6 {[%clk 1:22:31]} 11. Bd3 {[%clk
1:18:21]} e5 {[%clk 1:21:35]} 12. dxe5 {[%clk 1:12:42]} Nxe5 {[%clk 1:20:46]}
13. Be2 {[%clk 1:11:54]} O-O {[%clk 1:16:55]} 14. O-O {[%clk 1:10:44]} Rae8
{[%clk 1:12:29]} 15. Nf3 {[%clk 1:09:53]} Re6 {[%clk 1:08:05]} 16. Nxe5 {[%clk
0:58:39]} Qxe5 {[%clk 1:07:27]} 17. Bg4 {[%clk 0:54:19]} Rh6 {[%clk 1:02:43]}
18. h3 {[%clk 0:53:00]} Bc6 {[%clk 0:56:19]} 19. Bf3 {[%clk 0:47:36]} f5 {[%clk
0:52:32]} 20. Qd2 {[%clk 0:40:25]} Rff6 {[%clk 0:43:30]} 21. Rad1 {[%clk
0:34:08]} Rd6 {[%clk 0:43:29]} 22. Rfe1 {[%clk 0:29:15]} g5 {[%clk 0:39:25]}
23. b4 {[%clk 0:17:03]} cxb4 {[%clk 0:29:00]} 24. c4 {[%clk 0:11:32]} dxc4
{[%clk 0:17:44]} 25. Qxb4 {[%clk 0:08:49]} Bxf3 {[%clk 0:13:19]} 26. gxf3
{[%clk 0:07:43]} b5 {[%clk 0:06:18]} 27. a4 {[%clk 0:05:49]} a6 {[%clk
0:03:57]} 28. axb5 {[%clk 0:04:51]} Qxb5 {[%clk 0:03:08]} 29. Qa3 {[%clk
0:04:21]} Qb3 {[%clk 0:01:55]} 30. Qxd6 {[%clk 0:03:00]} Rxd6 {[%clk 0:02:21]}
31. Rxd6 {[%clk 0:03:26]} Qb4 {[%clk 0:01:24]} 32. Rd8+ {[%clk 0:03:16]} Kf7
{[%clk 0:01:24]} 33. Rc1 {[%clk 0:02:47]} a5 {[%clk 0:00:47]} 34. Rc8 {[%clk
0:01:56]} Qb7 {[%clk 0:00:46]} 35. R8xc4 {[%clk 0:01:09]} Qxf3 {[%clk 0:00:59]}
36. Rc7+ {[%clk 0:01:16]} Ke6 {[%clk 0:00:32]} 37. R1c6+ {[%clk 0:01:12]} Kd5
{[%clk 0:00:53]} 38. Ra6 {[%clk 0:00:52]} Qxh3 {[%clk 0:00:46]} 39. Rxa5+
{[%clk 0:00:52]} Ke4 {[%clk 0:01:07]} 40. Rcc5 {[%clk 0:00:43]} Qg4+ {[%clk
0:00:54]} 41. Kf1 {[%clk 0:26:54]} Qd1+ {[%clk 0:23:29]} 1/2-1/2